[Event "4NCL 3 South pool A"]
[Site "Reading, ENG"]
[Date "2017.01.15"]
[Round "4.26"]
[White "Lambourne, Dan M"]
[Black "De Coverly, Roger D"]
[Result "1-0"]
[WhiteElo "1975"]
[BlackElo "1969"]
[PlyCount "97"]
[EventDate "2017.01.15"]
[WhiteTeam "MK Phoenix 1"]
[BlackTeam "Wessex"]

1. d4 Nf6 2. Nf3 g6 3. c4 Bg7 4. Nc3 O-O 5. e4 d6 6. Be2 e5 7. d5 Nbd7 8. O-O
Nc5 9. Bg5 h6 10. Bxf6 Bxf6 11. b4 Nd7 12. Qc2 a5 13. a3 b6 14. Rfd1 Bg7 15.
Bd3 Qe7 16. Ne2 f5 17. Rab1 f4 18. Nc1 g5 19. Ne1 g4 20. Nb3 a4 21. Nd2 h5 22.
Rb2 Bh6 23. Nb1 h4 24. f3 Nf6 25. c5 bxc5 26. bxc5 h3 27. cxd6 cxd6 28. Qf2
gxf3 29. gxf3 Nd7 30. Bf1 Nc5 31. Nd3 Nb3 32. Nc3 Nd4 33. Ne2 Nxe2+ 34. Qxe2
Rf6 35. Nf2 Qa7 36. Kh1 Bg7 37. Bxh3 Qe3 38. Bxc8 Rxc8 39. Ng4 Qxe2 40. Nxf6+
Bxf6 41. Rxe2 Rc3 42. Kg2 Rxa3 43. Rb2 Kf7 44. Rdd2 Re3 45. Rb7+ Kg6 46. Ra2
Bh4 47. Rd7 a3 48. Rxd6+ Kg5 49. Ra6 1-0

[Event "4NCL 3 South pool A"]
[Site "Reading, ENG"]
[Date "2017.01.15"]
[Round "4.31"]
[White "Briscoe, Chris"]
[Black "Ralphs, Nigel"]
[Result "1/2-1/2"]
[WhiteElo "2223"]
[BlackElo "2059"]
[PlyCount "23"]
[EventDate "2017.01.15"]
[WhiteTeam "Surbiton"]
[BlackTeam "Rhyfelwyr Essyllwg"]

1. e4 e5 2. f4 d5 3. exd5 exf4 4. Nf3 Nf6 5. Bc4 Nxd5 6. O-O Be7 7. Bb3 O-O 8.
c4 Nb4 9. d4 Bg4 10. Nc3 N8c6 11. Ne2 Bf6 12. d5 1/2-1/2

[Event "4NCL 3 South pool A"]
[Site "Reading, ENG"]
[Date "2017.01.15"]
[Round "4.32"]
[White "Hewitt, William"]
[Black "Josse, Mark"]
[Result "0-1"]
[WhiteElo "2044"]
[BlackElo "2172"]
[PlyCount "136"]
[EventDate "2017.01.15"]
[WhiteTeam "Rhyfelwyr Essyllwg"]
[BlackTeam "Surbiton"]

1. e4 c5 2. Nf3 e6 3. d4 cxd4 4. Nxd4 a6 5. Bd3 Nf6 6. c4 Nc6 7. Nxc6 dxc6 8.
O-O e5 9. Qe2 Bc5 10. Be3 Bxe3 11. Qxe3 Ng4 12. Qg3 h5 13. Nc3 Rh6 14. Rad1 h4
15. Qf3 Qg5 16. Be2 Nf6 17. Qd3 Nd7 18. b4 Nf8 19. Qd2 Ne6 20. Qxg5 Nxg5 21.
Rd2 Be6 22. f3 Rd8 23. Rfd1 Rxd2 24. Rxd2 Ke7 25. Na4 Rf6 26. b5 cxb5 27. cxb5
axb5 28. Nc3 b4 29. Nd5+ Bxd5 30. Rxd5 Re6 31. Rb5 Kd6 32. Rxb4 Re7 33. Kf2 Ne6
34. Rb6+ Kc7 35. Rb4 Rd7 36. Rc4+ Kd6 37. g3 g5 38. Rb4 Rc7 39. Rb6+ Ke7 40. a4
Nd4 41. Rb2 Kd6 42. a5 Rc3 43. gxh4 gxh4 44. Ra2 Ke7 45. Bd1 Kf6 46. a6 bxa6
47. Rxa6+ Kg5 48. Ra7 Kg6 49. Ra6+ f6 50. Ra8 Rd3 51. Rg8+ Kf7 52. Rg1 Rd2+ 53.
Ke3 Rxh2 54. Rg4 Rh1 55. Ba4 Ra1 56. Bd7 Ra3+ 57. Kf2 Ra2+ 58. Ke3 Ra3+ 59. Kf2
Nxf3 60. Kg2 Ne1+ 61. Kf1 Nf3 62. Kg2 Ne1+ 63. Kf1 h3 64. Rh4 Nf3 65. Rh7+ Kg8
66. Rxh3 Nd2+ 67. Ke2 Rxh3 68. Bxh3 Nxe4 0-1

[Event "4NCL 3 South pool A"]
[Site "Reading, ENG"]
[Date "2017.01.15"]
[Round "4.33"]
[White "Seymour, Timothy P"]
[Black "Heaven, Peter"]
[Result "1/2-1/2"]
[WhiteElo "2080"]
[BlackElo "2043"]
[PlyCount "70"]
[EventDate "2017.01.15"]
[WhiteTeam "Surbiton"]
[BlackTeam "Rhyfelwyr Essyllwg"]

1. c4 e5 2. g3 Nf6 3. Bg2 d5 4. cxd5 Nxd5 5. Nc3 Nb6 6. Nf3 Nc6 7. O-O Be7 8.
Rb1 a5 9. d3 O-O 10. Be3 Be6 11. Rc1 Nd5 12. Nxd5 Bxd5 13. Qa4 Rb8 14. Qb5 Nd4
15. Nxd4 Bxg2 16. Ne6 fxe6 17. Kxg2 c6 18. Qxe5 Qd7 19. b3 Ra8 20. Rc4 Rf5 21.
Qe4 Bf6 22. Rc5 Rd5 23. Rfc1 Rf8 24. a4 Be7 25. Rxd5 exd5 26. Qd4 Rf5 27. h3 h5
28. h4 Bf6 29. Qa7 d4 30. Bd2 Qd5+ 31. f3 Qe6 32. Kf2 Re5 33. Re1 Qh3 34. Bf4
Qh2+ 35. Kf1 Qh1+ 1/2-1/2

[Event "4NCL 3 South pool A"]
[Site "Reading, ENG"]
[Date "2017.01.15"]
[Round "4.34"]
[White "Trevelyan, John"]
[Black "Singleton, Michael P F"]
[Result "0-1"]
[WhiteElo "2082"]
[BlackElo "2095"]
[PlyCount "66"]
[EventDate "2017.01.15"]
[WhiteTeam "Rhyfelwyr Essyllwg"]
[BlackTeam "Surbiton"]

1. d4 Nf6 2. c4 g6 3. Nc3 Bg7 4. e4 d6 5. Be2 O-O 6. Nf3 e5 7. dxe5 dxe5 8.
Qxd8 Rxd8 9. Bg5 c6 10. Nxe5 Re8 11. f4 Nfd7 12. Nxd7 Nxd7 13. e5 h6 14. Bh4 g5
15. fxg5 hxg5 16. Bxg5 Nxe5 17. O-O-O Be6 18. Ne4 Bxc4 19. Bxc4 Nxc4 20. Nf6+
Bxf6 21. Bxf6 Re6 22. Bc3 Nb6 23. Rhe1 Nd5 24. Rxe6 fxe6 25. Be5 Rf8 26. Rd2
Rf5 27. Bd4 a6 28. Kc2 Kf7 29. Re2 b6 30. g3 c5 31. Be5 Nb4+ 32. Kb3 b5 33. a3
Nd3 0-1

[Event "4NCL 3 South pool A"]
[Site "Reading, ENG"]
[Date "2017.01.15"]
[Round "4.35"]
[White "Fenwick, Hugh F"]
[Black "Hatchett, Paul"]
[Result "0-1"]
[WhiteElo "1922"]
[BlackElo "2023"]
[PlyCount "76"]
[EventDate "2017.01.15"]
[WhiteTeam "Surbiton"]
[BlackTeam "Rhyfelwyr Essyllwg"]

1. c4 Nf6 2. g3 g6 3. Bg2 Bg7 4. Nc3 O-O 5. d3 d6 6. e4 c5 7. Nge2 Nc6 8. O-O
a6 9. f4 Bg4 10. h3 Bxe2 11. Nxe2 Rb8 12. Rb1 Nd7 13. Be3 Qc7 14. Qd2 b5 15. b3
b4 16. d4 e5 17. fxe5 Nxd4 18. Nxd4 cxd4 19. Bxd4 dxe5 20. Be3 Nc5 21. Rbd1
Rfd8 22. Qe2 Ne6 23. Rd5 Nd4 24. Qd2 a5 25. Bg5 Rd6 26. Qf2 Rb7 27. Rc1 h6 28.
Be3 Ra6 29. Qd2 Kh7 30. Qd3 Rba7 31. c5 a4 32. Rc4 axb3 33. axb3 Ra1+ 34. Kh2
R7a2 35. Bxd4 exd4 36. c6 Be5 37. Rd7 Bxg3+ 38. Qxg3 Rh1+ 0-1

[Event "4NCL 3 South pool A"]
[Site "Reading, ENG"]
[Date "2017.01.15"]
[Round "4.36"]
[White "Doklestic, Igor"]
[Black "Alcock, Graham P"]
[Result "1-0"]
[WhiteElo "1890"]
[BlackElo "1759"]
[PlyCount "71"]
[EventDate "2017.01.15"]
[WhiteTeam "Rhyfelwyr Essyllwg"]
[BlackTeam "Surbiton"]

1. e4 d5 2. exd5 Qxd5 3. Nc3 Qd6 4. d4 Nf6 5. Nf3 Bg4 6. Be2 e6 7. h3 Bh5 8.
Be3 a6 9. Qd2 Be7 10. g4 Bg6 11. Ne5 Ne4 12. Nxe4 Bxe4 13. f3 Bc6 14. Bf4 Bh4+
15. Kf1 Qe7 16. Kg2 O-O 17. c3 f6 18. Nd3 b6 19. Bg3 Bxg3 20. Kxg3 e5 21. Rhe1
exd4 22. cxd4 Qd6+ 23. Qf4 Qxf4+ 24. Nxf4 b5 25. Bd1 Ra7 26. Bb3+ Kh8 27. Re7
a5 28. a3 Na6 29. Rc1 Re8 30. Rf7 Ba8 31. Re1 Rb8 32. Rfe7 g6 33. Rf7 a4 34.
Ree7 axb3 35. Rxh7+ Kg8 36. Reg7+ 1-0

[Event "4NCL 3 South pool A"]
[Site "Reading, ENG"]
[Date "2017.01.15"]
[Round "4.41"]
[White "Byron, Alan M"]
[Black "Swanson, Stephen"]
[Result "1/2-1/2"]
[WhiteElo "2110"]
[BlackElo "2185"]
[PlyCount "53"]
[EventDate "2017.01.15"]
[WhiteTeam "The Rookies"]
[BlackTeam "Poisoned Pawns 1"]

1. e4 d6 2. Nf3 g6 3. d4 Bg7 4. Bc4 e6 5. O-O Ne7 6. Bb3 O-O 7. c3 Nbc6 8. Qe2
b6 9. Rd1 a5 10. a4 Ba6 11. Qe1 Qe8 12. d5 exd5 13. exd5 Nd8 14. Bg5 Nc8 15.
Qd2 Nb7 16. Re1 Qd7 17. Bh6 Ne7 18. Bxg7 Kxg7 19. Bc2 Nf5 20. c4 Nc5 21. Qc3+
Kg8 22. Nbd2 Ng7 23. Ne4 Nxe4 24. Bxe4 Rae8 25. b3 Bc8 26. Nd4 Qd8 27. g3
1/2-1/2

[Event "4NCL 3 South pool A"]
[Site "Reading, ENG"]
[Date "2017.01.15"]
[Round "4.42"]
[White "Clark, Kevin R"]
[Black "Jones, Christopher M"]
[Result "1/2-1/2"]
[WhiteElo "2147"]
[BlackElo "2111"]
[PlyCount "37"]
[EventDate "2017.01.15"]
[WhiteTeam "Poisoned Pawns 1"]
[BlackTeam "The Rookies"]

1. e4 e5 2. Bc4 Nf6 3. d3 Bc5 4. Nf3 Nc6 5. O-O d6 6. c3 O-O 7. a4 a5 8. Bg5
Be6 9. Nbd2 Qe7 10. Re1 Ba7 11. Qb3 Rab8 12. Nf1 Bxc4 13. Qxc4 Qe6 14. Bxf6
Qxf6 15. Ne3 Bxe3 16. Rxe3 Qe6 17. Nd2 Qxc4 18. Nxc4 f5 19. f3 1/2-1/2

[Event "4NCL 3 South pool A"]
[Site "Reading, ENG"]
[Date "2017.01.15"]
[Round "4.43"]
[White "Compton, Alistair"]
[Black "Hutchinson, Norman A"]
[Result "1-0"]
[WhiteElo "2094"]
[BlackElo "2073"]
[PlyCount "81"]
[EventDate "2017.01.15"]
[WhiteTeam "The Rookies"]
[BlackTeam "Poisoned Pawns 1"]

1. e4 c6 2. Nf3 d5 3. exd5 cxd5 4. Ne5 Nc6 5. d4 Nf6 6. Bb5 Bd7 7. Bxc6 Bxc6 8.
O-O e6 9. c3 Bd6 10. Bg5 Qb6 11. b3 Qc7 12. f4 Ne4 13. Bh4 Bb5 14. Rf3 g5 15.
fxg5 Bxe5 16. dxe5 Qxe5 17. Na3 Bc6 18. Qe2 Qd6 19. Nc2 Rc8 20. Raf1 O-O 21.
Bf2 a6 22. Nd4 Bd7 23. Rh3 Rxc3 24. Be3 Qe5 25. Nf3 Qg7 26. Bd4 Bb5 27. Bxg7
Bxe2 28. Bxc3 Bxf1 29. Bb4 Bb5 30. Bxf8 Kxf8 31. Rxh7 Nc3 32. Ne5 Be8 33. g6
fxg6 34. a4 b5 35. a5 Ne2+ 36. Kf2 Nd4 37. Ra7 Nxb3 38. Rxa6 Ke7 39. Ra8 Nc5
40. a6 Kd6 41. a7 1-0

[Event "4NCL 3 South pool A"]
[Site "Reading, ENG"]
[Date "2017.01.15"]
[Round "4.44"]
[White "Davison, Chris"]
[Black "Piper, Stephen J"]
[Result "1-0"]
[WhiteElo "2005"]
[BlackElo "2078"]
[PlyCount "87"]
[EventDate "2017.01.15"]
[WhiteTeam "Poisoned Pawns 1"]
[BlackTeam "The Rookies"]

1. e4 g6 2. Nc3 Bg7 3. f4 d6 4. Nf3 a6 5. a4 c5 6. Bc4 Nc6 7. O-O e6 8. d3 Nge7
9. Qe1 Nd4 10. Qf2 O-O 11. Nd1 Rb8 12. c3 Nxf3+ 13. Qxf3 b5 14. axb5 axb5 15.
Ba2 b4 16. Be3 b3 17. Bb1 Bb7 18. Nf2 Ra8 19. Rxa8 Qxa8 20. Nh3 Qa1 21. Qf2 Qa5
22. Qh4 Qd8 23. f5 exf5 24. Bh6 f6 25. exf5 Bxh6 26. Qxh6 Nxf5 27. Qd2 Re8 28.
Nf4 Qe7 29. d4 Qe3+ 30. Qxe3 Nxe3 31. Re1 cxd4 32. cxd4 Kf8 33. Bd3 Nf5 34.
Rxe8+ Kxe8 35. Bxf5 gxf5 36. Kf2 Be4 37. Ke3 Kf7 38. Kd2 Bc2 39. g3 Kg7 40. Kc3
h5 41. Nxh5+ Kg6 42. Nf4+ Kg5 43. h3 Bd1 44. Kc4 1-0

[Event "4NCL 3 South pool A"]
[Site "Reading, ENG"]
[Date "2017.01.15"]
[Round "4.45"]
[White "Gibson, Christopher A"]
[Black "Kemp, Paul R"]
[Result "1/2-1/2"]
[WhiteElo "1972"]
[BlackElo "2085"]
[PlyCount "30"]
[EventDate "2017.01.15"]
[WhiteTeam "The Rookies"]
[BlackTeam "Poisoned Pawns 1"]

1. e4 c6 2. d4 d5 3. exd5 cxd5 4. c4 Nf6 5. Nc3 e6 6. Nf3 Be7 7. Bf4 O-O 8. c5
Nc6 9. Bb5 Ne4 10. Bxc6 bxc6 11. Ne5 Nxc3 12. bxc3 Bd7 13. O-O f6 14. Nxd7 Qxd7
15. Re1 e5 1/2-1/2

[Event "4NCL 3 South pool A"]
[Site "Reading, ENG"]
[Date "2017.01.15"]
[Round "4.46"]
[White "Redman, David J"]
[Black "Ressel, Eva"]
[Result "1-0"]
[WhiteElo "1979"]
[BlackElo "1742"]
[PlyCount "33"]
[EventDate "2017.01.15"]
[WhiteTeam "Poisoned Pawns 1"]
[BlackTeam "The Rookies"]

1. d4 Nf6 2. c4 e6 3. Nc3 b6 4. Nf3 Bb7 5. g3 d6 6. Bg2 Nbd7 7. O-O Be7 8. d5
Nf8 9. Nd4 Qd7 10. dxe6 Qc8 11. Qa4+ Kd8 12. Bxb7 Qxb7 13. Nc6+ Ke8 14. Na5+ b5
15. Nxb5 Qb6 16. Nxd6+ Kd8 17. Nc6+ 1-0

[Event "4NCL 3 South pool B"]
[Site "Reading, ENG"]
[Date "2016.11.26"]
[Round "1.51"]
[White "Britton, Richard L"]
[Black "Moore, Graham J"]
[Result "1-0"]
[WhiteElo "2134"]
[BlackElo "2123"]
[PlyCount "91"]
[EventDate "2016.11.26"]
[WhiteTeam "Hackney "]
[BlackTeam "Anglian Avengers 2"]

1. e4 e6 2. d3 d5 3. Nd2 Nf6 4. Ngf3 Be7 5. g3 O-O 6. Bg2 c5 7. O-O Nc6 8. Re1
Qc7 9. e5 Nd7 10. Qe2 b5 11. Nf1 a5 12. h4 Ba6 13. Bg5 Rfe8 14. Bxe7 Rxe7 15.
h5 f6 16. exf6 Nxf6 17. h6 g6 18. Qd2 Qd6 19. Re2 Rae8 20. c3 a4 21. a3 e5 22.
Ng5 Na5 23. Rae1 Nb3 24. Qd1 b4 25. f4 bxa3 26. bxa3 c4 27. fxe5 Rxe5 28. d4
R5e7 29. Rxe7 Rxe7 30. Rxe7 Qxe7 31. Qf3 Nc1 32. Ne3 Bb7 33. Bh3 Nd3 34. Kh2
Kh8 35. Be6 Bc6 36. Nxc4 Ne1 37. Qe2 dxc4 38. Qxe1 Ng4+ 39. Kg1 Bd5 40. Qe2
Qxg5 41. Bxg4 Bf7 42. Qe5+ Qxe5 43. dxe5 Kg8 44. Bd7 Bd5 45. Kf2 Kf7 46. Ke3
1-0

[Event "4NCL 3 South pool B"]
[Site "Reading, ENG"]
[Date "2016.11.26"]
[Round "1.52"]
[White "Munson, Shaun D"]
[Black "Walker, Nicholas P"]
[Result "1-0"]
[WhiteElo "2167"]
[BlackElo "2170"]
[PlyCount "95"]
[EventDate "2016.11.26"]
[WhiteTeam "Anglian Avengers 2"]
[BlackTeam "Hackney "]

1. d4 d6 2. Nc3 g6 3. e4 Bg7 4. Bg5 a6 5. Qd2 b5 6. a4 b4 7. Nd5 a5 8. c3 c6 9.
Ne3 h6 10. Bh4 Nd7 11. Nf3 Ngf6 12. Bd3 bxc3 13. bxc3 O-O 14. O-O Qc7 15. Rfe1
e5 16. Nc4 Re8 17. Rab1 Ba6 18. dxe5 dxe5 19. Bf1 Bxc4 20. Bxc4 g5 21. Bg3 Nc5
22. Qc2 Nh5 23. Nd2 Rab8 24. Nf1 Rxb1 25. Rxb1 Rb8 26. Rxb8+ Qxb8 27. Ne3 Nf4
28. Nf5 Bf8 29. h4 Qd8 30. Bxf4 exf4 31. e5 Qe8 32. Nd6 Qxe5 33. Nxf7 Qe1+ 34.
Kh2 Kg7 35. hxg5 hxg5 36. Nxg5 Bd6 37. Qh7+ Kf6 38. Qh6+ Ke7 39. Qg7+ Ke8 40.
Nf7 Qe7 41. Qg4 f3+ 42. g3 Nb7 43. Be6 Qf6 44. Bc4 Nd8 45. Nxd6+ Qxd6 46. Qxf3
Qa3 47. Qh5+ Kd7 48. Qxa5 1-0

[Event "4NCL 3 South pool B"]
[Site "Reading, ENG"]
[Date "2016.11.26"]
[Round "1.53"]
[White "Chin, F."]
[Black "Tozer, Philip A A"]
[Result "1/2-1/2"]
[WhiteElo "2139"]
[BlackElo "2143"]
[PlyCount "104"]
[EventDate "2016.11.26"]
[WhiteTeam "Hackney "]
[BlackTeam "Anglian Avengers 2"]

1. d4 e6 2. c4 f5 3. g3 Nf6 4. Nc3 d5 5. Bg2 c6 6. Nf3 Bd6 7. O-O O-O 8. b3 b6
9. Bb2 Bb7 10. e3 Nbd7 11. Ne2 Qe7 12. Rc1 Ne4 13. Rc2 Rac8 14. Qa1 c5 15. Ne5
Bxe5 16. dxe5 dxc4 17. bxc4 Nb8 18. f3 Ng5 19. h4 Nf7 20. Rd1 Rcd8 21. Rcd2 Ba6
22. Qc1 Nc6 23. Rxd8 Rxd8 24. Rxd8+ Nfxd8 25. Nf4 Nf7 26. Nd3 Na5 27. f4 Bxc4
28. Nf2 Bxa2 29. e4 g6 30. Bc3 c4 31. Qd2 Bb3 32. Bxa5 bxa5 33. Qxa5 Qd7 34.
Kh2 h5 35. Nh3 Bc2 36. exf5 Bxf5 37. Qc5 Qd3 38. Qxa7 c3 39. Ng5 Nxg5 40. hxg5
Qd8 41. Qc5 c2 42. Qc6 Kf7 43. Qc4 Be4 44. Qc3 Bf5 45. Qc4 Qd7 46. Qc3 Qa7 47.
Qc6 Qd4 48. Qc7+ Kf8 49. Qc8+ Ke7 50. Qc7+ Qd7 51. Qc5+ Kd8 52. Qc3 Qc7 1/2-1/2

[Event "4NCL 3 South pool B"]
[Site "Reading, ENG"]
[Date "2016.11.26"]
[Round "1.54"]
[White "Wallis, Ian J"]
[Black "Vives, Pepe"]
[Result "1-0"]
[WhiteElo "2102"]
[BlackElo "1954"]
[PlyCount "39"]
[EventDate "2016.11.26"]
[WhiteTeam "Anglian Avengers 2"]
[BlackTeam "Hackney "]

1. e4 e6 2. d4 d5 3. Nd2 dxe4 4. Nxe4 Nd7 5. Nf3 Ngf6 6. Bd3 c5 7. Bg5 cxd4 8.
Nxd4 Be7 9. Nxf6+ Nxf6 10. O-O O-O 11. c3 a6 12. Qe2 Qc7 13. Rad1 Re8 14. Rfe1
Bd7 15. Nf3 Rad8 16. Ne5 Bc8 17. Qf3 Rd5 18. Bxf6 Bxf6 19. Ng4 Bg5 20. Qxd5 1-0

[Event "4NCL 3 South pool B"]
[Site "Reading, ENG"]
[Date "2016.11.26"]
[Round "1.55"]
[White "Burgoyne, Peter A"]
[Black "Gregory, Stephen J"]
[Result "0-1"]
[WhiteElo "1710"]
[BlackElo "2072"]
[PlyCount "64"]
[EventDate "2016.11.26"]
[WhiteTeam "Hackney "]
[BlackTeam "Anglian Avengers 2"]

1. e4 d6 2. d4 Nf6 3. Bd3 Nc6 4. c3 e5 5. d5 Ne7 6. Ne2 g6 7. O-O Bg7 8. f4 O-O
9. Ng3 c6 10. fxe5 dxe5 11. c4 cxd5 12. cxd5 Bd7 13. Nc3 Ne8 14. Kh1 Nd6 15. b3
b5 16. Ba3 Nec8 17. Qe2 Rb8 18. Bb2 Qh4 19. Qf2 b4 20. Nd1 f5 21. exf5 gxf5 22.
Ne2 Qxf2 23. Nxf2 Re8 24. Bc4 Nb6 25. Rac1 Bh6 26. Rc2 Ndxc4 27. bxc4 Ba4 28.
Rcc1 Bxc1 29. Rxc1 Rbc8 30. Nd3 Rxc4 31. Rxc4 Nxc4 32. Nxb4 Nxb2 0-1

[Event "4NCL 3 South pool B"]
[Site "Reading, ENG"]
[Date "2016.11.26"]
[Round "1.56"]
[White "Moore, Geoffrey R"]
[Black "Morgan, Marc"]
[Result "1-0"]
[WhiteElo "2080"]
[BlackElo "1568"]
[PlyCount "109"]
[EventDate "2016.11.26"]
[WhiteTeam "Anglian Avengers 2"]
[BlackTeam "Hackney "]

1. e4 c5 2. b3 Nc6 3. Bb2 e5 4. Nc3 Nf6 5. Bc4 Be7 6. d3 a6 7. a4 O-O 8. Nge2
d6 9. O-O Bg4 10. f3 Bh5 11. Ng3 Bg6 12. Nd5 Nxd5 13. Bxd5 Qc7 14. Kh1 Nb4 15.
Bc4 Rad8 16. Qd2 h6 17. Rae1 Bg5 18. Qc3 Bf6 19. Qd2 d5 20. exd5 Nxd5 21. Bxd5
Rxd5 22. Ne4 Be7 23. Qe3 f6 24. Nc3 Rd7 25. Qf2 b6 26. Bc1 f5 27. Bd2 Qd6 28.
Qg3 f4 29. Qf2 Qf6 30. Qe2 Bd6 31. Ne4 Bxe4 32. Qxe4 a5 33. Qc6 Qd8 34. Re2 Bc7
35. Qe6+ Kh7 36. Bc3 Rf6 37. Qc4 Re7 38. Rfe1 Rf5 39. Qe4 g6 40. Kg1 Qd6 41.
Rf1 Qf6 42. Be1 h5 43. Qc4 g5 44. h3 Rg7 45. Qe4 Kh6 46. Bc3 g4 47. fxg4 hxg4
48. hxg4 Rxg4 49. Rf3 Rh5 50. Ref2 Qh4 51. Kf1 Qf6 52. Ke2 Rh2 53. Kd1 Rgxg2
54. Rxg2 Rxg2 55. Rh3+ 1-0

[Event "4NCL 3 South pool B"]
[Site "Reading, ENG"]
[Date "2016.11.26"]
[Round "1.61"]
[White "Rutter, Nick J"]
[Black "Robertson, J Stuart"]
[Result "1/2-1/2"]
[WhiteElo "2215"]
[BlackElo "2097"]
[PlyCount "124"]
[EventDate "2016.11.26"]
[WhiteTeam "Shropshire 1"]
[BlackTeam "Cambridge University 2"]

1. e4 c5 2. Nf3 Nc6 3. d4 cxd4 4. Nxd4 Nf6 5. Nc3 e5 6. Ndb5 d6 7. Bg5 a6 8.
Na3 b5 9. Bxf6 gxf6 10. Nd5 Bg7 11. Bd3 Ne7 12. Nxe7 Qxe7 13. c4 f5 14. O-O O-O
15. Qh5 Rb8 16. Rae1 fxe4 17. Bxe4 f5 18. Bd5+ Kh8 19. Re3 Rf6 20. cxb5 e4 21.
Rd1 axb5 22. b4 Be6 23. Qe2 Bxd5 24. Rxd5 Qe6 25. Qd1 f4 26. Rh3 f3 27. Rdh5
Rg6 28. Rxh7+ Kg8 29. Nc2 Rxg2+ 30. Kh1 Qxa2 31. Ne1 Rg6 32. Rxg7+ Rxg7 33.
Qxd6 Re8 34. Qh6 Qe6 35. Qh8+ Kf7 36. Qh5+ Kg8 37. Qh8+ Kf7 38. Qh5+ Ke7 39.
Qc5+ Qd6 40. Qa7+ Qd7 41. Qc5+ Qd6 42. Qa7+ Kf6 43. Rh6+ Rg6 44. Rh7 Re7 45.
Qa1+ Qe5 46. Qa6+ Qe6 47. Qa1+ Kf5 48. Nc2 Qe5 49. Ne3+ Kg5 50. h4+ Kf4 51.
Nd5+ Qxd5 52. Qc1+ Kg4 53. Qg1+ Kf5 54. Rh5+ Kf6 55. Rxd5 Rxg1+ 56. Kxg1 Rg7+
57. Kf1 Rh7 58. h5 Ra7 59. Ke1 Ra2 60. Rxb5 Re2+ 61. Kf1 Rb2 62. Ke1 Re2+
1/2-1/2

[Event "4NCL 3 South pool B"]
[Site "Reading, ENG"]
[Date "2016.11.26"]
[Round "1.62"]
[White "Somerfield, Adrian P"]
[Black "Whyte, Brian G"]
[Result "1/2-1/2"]
[WhiteElo "2097"]
[BlackElo "2080"]
[PlyCount "77"]
[EventDate "2016.11.26"]
[WhiteTeam "Cambridge University 2"]
[BlackTeam "Shropshire 1"]

1. d4 Nf6 2. Nf3 e6 3. e3 c5 4. c3 b6 5. Nbd2 Be7 6. Bd3 Ba6 7. Ne5 Bxd3 8.
Nxd3 d6 9. Qf3 Nbd7 10. O-O O-O 11. b3 Qc7 12. Bb2 d5 13. Rac1 Bd6 14. h3 c4
15. bxc4 dxc4 16. Nb4 a5 17. Nc2 Rfc8 18. Ba3 b5 19. Bxd6 Qxd6 20. a3 Rab8 21.
e4 e5 22. Rfd1 Qe7 23. Re1 exd4 24. Nxd4 Ne5 25. Qg3 Nd3 26. Nf5 Qf8 27. e5 Ne8
28. Qg5 Rb7 29. Ne4 Nxe1 30. Rxe1 b4 31. axb4 axb4 32. Ned6 Nxd6 33. Nxd6 Rbb8
34. Nxc8 Rxc8 35. cxb4 Qxb4 36. Rc1 c3 37. Qf5 Qc4 38. Qg4 Qc6 39. Qf3 1/2-1/2

[Event "4NCL 3 South pool B"]
[Site "Reading, ENG"]
[Date "2016.11.26"]
[Round "1.63"]
[White "Bryant, Richard B E"]
[Black "Chevannes, Sabrina L"]
[Result "0-1"]
[WhiteElo "2057"]
[BlackElo "2012"]
[PlyCount "56"]
[EventDate "2016.11.26"]
[WhiteTeam "Shropshire 1"]
[BlackTeam "Cambridge University 2"]

1. e4 c6 2. Nc3 d5 3. Qf3 e6 4. d4 Nd7 5. Bd3 dxe4 6. Nxe4 Ngf6 7. c3 Nxe4 8.
Bxe4 Nf6 9. Bc2 Qd5 10. Qg3 c5 11. Ne2 b6 12. Nf4 Qc6 13. Nd3 cxd4 14. Ne5 Qd5
15. O-O Bd6 16. cxd4 Qxd4 17. Qxg7 Qxe5 18. Qxh8+ Ke7 19. g3 Bb7 20. Qg7 Qd5
21. f3 Qc5+ 22. Rf2 Rg8 23. Qxg8 Nxg8 24. Kg2 Nf6 25. Bd1 Ng4 26. Re2 Qd5 27.
Rd2 Qh5 28. Kg1 Bc5+ 0-1

[Event "4NCL 3 South pool B"]
[Site "Reading, ENG"]
[Date "2016.11.26"]
[Round "1.64"]
[White "Nettleton, Charlie B"]
[Black "Paul, Nathanael"]
[Result "1-0"]
[WhiteElo "1944"]
[BlackElo "2005"]
[PlyCount "71"]
[EventDate "2016.11.26"]
[WhiteTeam "Cambridge University 2"]
[BlackTeam "Shropshire 1"]

1. d4 Nf6 2. Bg5 d5 3. Bxf6 gxf6 4. c4 c6 5. e3 Bf5 6. Nc3 e6 7. Nge2 Qb6 8.
Qd2 Nd7 9. Ng3 Bg6 10. h4 h5 11. c5 Qc7 12. Bd3 b6 13. b4 a5 14. cxb6 Qxb6 15.
bxa5 Qxa5 16. O-O Bb4 17. Rfc1 O-O 18. Bxg6 fxg6 19. Qd3 Kg7 20. Nce2 Rfc8 21.
Nf4 Nf8 22. Rab1 Rc7 23. Rc2 Rac8 24. e4 Bd6 25. Qe3 Bxf4 26. Qxf4 dxe4 27.
Nxe4 Qf5 28. Qxf5 gxf5 29. Nc5 Rd8 30. a4 Rxd4 31. a5 Kf7 32. a6 Ra7 33. Rb7+
Rd7 34. Nxd7 Rxb7 35. axb7 Nxd7 36. Rxc6 1-0

[Event "4NCL 3 South pool B"]
[Site "Reading, ENG"]
[Date "2016.11.26"]
[Round "1.65"]
[White "Gostelow, David W"]
[Black "Needham, Sabrina"]
[Result "1-0"]
[WhiteElo "1990"]
[BlackElo "1930"]
[PlyCount "45"]
[EventDate "2016.11.26"]
[WhiteTeam "Shropshire 1"]
[BlackTeam "Cambridge University 2"]

1. d4 Nf6 2. Nf3 d5 3. Bf4 e6 4. e3 Bd6 5. Bg3 c5 6. Nbd2 Bxg3 7. hxg3 cxd4 8.
exd4 Nc6 9. c3 Qd6 10. Bd3 h6 11. Qe2 Bd7 12. Ne5 Qc7 13. Ndf3 Nxe5 14. Nxe5
Bc6 15. g4 Nd7 16. Nf3 Qf4 17. g3 Qd6 18. g5 O-O-O 19. gxh6 e5 20. dxe5 Nxe5
21. Nxe5 Rde8 22. O-O-O Rxh6 23. Qg4+ 1-0

[Event "4NCL 3 South pool B"]
[Site "Reading, ENG"]
[Date "2016.11.26"]
[Round "1.66"]
[White "Campbell, Mark C"]
[Black "Lewis, Christopher D"]
[Result "0-1"]
[WhiteElo "1943"]
[BlackElo "1945"]
[PlyCount "62"]
[EventDate "2016.11.26"]
[WhiteTeam "Cambridge University 2"]
[BlackTeam "Shropshire 1"]

1. e4 c6 2. d4 d5 3. e5 Bf5 4. Nf3 e6 5. Be2 Nd7 6. O-O Be7 7. b3 Qc7 8. Bb2 f6
9. c4 O-O-O 10. cxd5 exd5 11. Nc3 Nf8 12. Rc1 Kb8 13. Qd2 Ng6 14. Na4 Nh6 15.
h4 fxe5 16. dxe5 Nxh4 17. Nxh4 Bxh4 18. Nc5 Be7 19. f4 Rhg8 20. Bd3 Qc8 21.
Bxf5 Nxf5 22. Qd3 d4 23. Rfe1 g5 24. fxg5 Rxg5 25. e6 Rdg8 26. Nd7+ Ka8 27.
Bxd4 Rxg2+ 28. Kh1 Nxd4 29. Qxd4 Qc7 30. Ne5 R2g5 31. Rc2 Bd6 0-1

[Event "4NCL 3 South pool B"]
[Site "Reading, ENG"]
[Date "2016.11.26"]
[Round "1.71"]
[White "Hall, John"]
[Black "Miller, Dominic"]
[Result "1-0"]
[WhiteElo "2200"]
[BlackElo "1953"]
[PlyCount "49"]
[EventDate "2016.11.26"]
[WhiteTeam "Leeds University Old Boys"]
[BlackTeam "Sussex Martlets 2"]

1. e4 e6 2. d4 d5 3. Nc3 Bb4 4. e5 c5 5. a3 Bxc3+ 6. bxc3 Ne7 7. a4 Nbc6 8. Nf3
Qa5 9. Bd2 c4 10. Be2 Bd7 11. Ng5 f6 12. Bh5+ Ng6 13. Nxh7 Kf7 14. Ng5+ fxg5
15. Qf3+ Kg8 16. Bxg6 Rf8 17. Qg3 Nd8 18. Bxg5 Bxa4 19. Be7 b5 20. Bxf8 Kxf8
21. O-O Rh6 22. f4 Kg8 23. f5 exf5 24. Bxf5 Qb6 25. Rf4 1-0

[Event "4NCL 3 South pool B"]
[Site "Reading, ENG"]
[Date "2016.11.26"]
[Round "1.72"]
[White "Forster, Matthew"]
[Black "Pickard, Charles"]
[Result "0-1"]
[WhiteElo "1802"]
[BlackElo "2215"]
[PlyCount "86"]
[EventDate "2016.11.26"]
[WhiteTeam "Sussex Martlets 2"]
[BlackTeam "Leeds University Old Boys"]

1. c4 e5 2. g3 d6 3. Bg2 g6 4. d4 Bg7 5. dxe5 dxe5 6. Qxd8+ Kxd8 7. Bd2 c6 8.
Bc3 f6 9. Nd2 Be6 10. b4 Ne7 11. Rb1 Kc7 12. a4 Nd7 13. a5 Rab8 14. Nh3 Bh6 15.
O-O Bxd2 16. Bxd2 Bxc4 17. Rfc1 Bd5 18. e4 Be6 19. Bc3 g5 20. f3 Rbd8 21. b5 b6
22. axb6+ axb6 23. bxc6 Nxc6 24. Nf2 Nc5 25. Bf1 Rd6 26. Bb5 Ra8 27. f4 gxf4
28. gxf4 Nd4 29. fxe5 fxe5 30. Bxd4 Rxd4 31. Nd3 Kd6 32. Nxc5 bxc5 33. Be2 Rc8
34. Kf2 Rxe4 35. Rb6+ Ke7 36. Rb7+ Bd7 37. Rg1 Rf8+ 38. Ke1 Kd6 39. Rb6+ Kc7
40. Rh6 Bb5 41. Rxh7+ Kd6 42. Rh6+ Kd5 43. Kd2 Rxe2+ 0-1